000 00937nam a22001935i 4500
001 172226
003 ES-MaACL
005 20250616063046.0
008 090618s1861 sp |||| | spa d
100 0 _aFrontaura, Carlos,
_d1834-1910
_952739
245 1 4 _aLos pecados capitales
_b: zarzuela en un acto /
_coriginal de Carlos Frontaura ; música de Luis Cepeda.
260 _aMadrid :
_b[Alonso Gullón],
_c1861 (
_fImp. de José Rodríguez)
300 _a41 p. ;
_c18 cm.
500 _aSolo la letra.
500 _aEn port.: Representada por primera vez en Madrid, en el teatro de la Zarzuela, en febrero de 1861.
700 1 _aCepeda, Luis.
_9126414
852 _aES-MaACL
_jF-8600(12)
_z.- Enc. pasta española
_q.- Falto de la cub. original
_z.- - Enc. en un vol. facticio, formando parte de la col. facticia "Teatro español moderno", vol. 53
_z.- Dedicatoria autógr. del autor a Luis Cepeda
999 _c172226
_d172226